000 00652nam a22002417a 4500
003 OSt
005 20210420075748.0
008 201202s1962 ||||| |||| 00| 0 eng d
020 _a0690708904
020 _a0690708912
020 _a0690708920
040 _aeng
_beng
_cDLC
041 _aeng
080 _a811-3
_bR-71
100 _9451
_aRoget, Mark Peter
_d1779-1869
245 _aRoget's International Thesaurus
_c/ by: Thomas Y. Crowell Company
250 _a3rd Edition
260 _aNew York
_bThomas Y. Crowell Company
_c1962
300 _a1257 p.
650 0 _9452
_aDictionary
653 _aლექსიკონი
942 _2udc
_cBK
_e3
999 _c556
_d556